| 000 | 00518nam a2200157Ia 4500 | ||
|---|---|---|---|
| 008 | 240729s9999 xx 000 0 und d | ||
| 245 | 0 | _aJournal of Mechanical Engineering Research and Developments | |
| 260 | _aMalaysia | ||
| 260 | _bZibeline International | ||
| 650 | _a Control engineering systems. Automatic machinery (General) | ||
| 650 | _a Mechanical engineering and machinery | ||
| 650 | _aTechnology | ||
| 856 | _uhttps://doaj.org/toc/0648d8ad74a94c69ab65df938d2f7f18 | ||
| 942 | _2ddc | ||
| 942 | _cDOAJEJ | ||
| 999 |
_c68527 _d68527 |
||
| 945 |
_a1 _bMadushi Gamage _c1 _dMadushi Gamage |
||